00698nam a2200241 a 4500001001300000003000900013005001700022008004100039020000900080082001800089100001800107245003400125260005900159300000900218500003500227505001100262650001900273700001800292902000800310942000700318952011600325999001500441nice12345678IN_TiNIC20260116011655.0050524s1972 bana grp 000 0 eng  ac1000a230.0954bCHA aChandran, J R aSecular Witness of E.V.Mathew aBangalorebChristian Instt.For Study of Religionc1972 a267p aincludes index and biblioraphy2 aThesis aTheology-India1 aChandran, J R bSRS cBK 001040708StackRoom-aHMIbHMId2007-06-13g10.00l0o230.0954 CHAp06227r2007-06-13v10.00w2005-05-24yBK c3309d3309